000 00872nam a2200241 i 4500
001 66697
003 ES-MaACL
005 20250807102714.0
007 t|
008 040323s1999 mx ||||1| spa d
020 _a968-12-0876-5
100 1 _aMedina, Rubén.
_979714
245 1 0 _aAutor, autoridad y autorización
_b: escritura y poética de Octavio Paz /
_cRubén Medina.
250 _a1ª ed.
260 _aMéxico D.F. :
_bEl Colegio de México,
_c1999.
300 _a251 p. ;
_c21 cm.
490 1 _aEstudios de lingüística y literatura ;
_v39
600 1 4 _aPaz, Octavio,
_d1914-1998-
_xCrítica e interpretación
_989756
710 2 _aColegio de México.
_bCentro de Estudios Lingüísticos y Literarios.
_92913
830 0 _aEstudios de lingüística y literatura ;
_v39
_9230828
852 _aES-MaACL
_jL-27162
_bR.132754
999 _c66697
_d66697